Statistics for Hero Fiennes Tiffin Filmography

Click here to take the quiz!

General Stats

  • This quiz has been taken 20 times
    (2 since last reset)
  • The average score is 12 of 22

Answer Stats

TypeYearName% Correct
Film2019After
100%
Film2022After Ever Happy
100%
Film2023After Everything
100%
Film2020After We Collided
100%
Film2021After We Fell
100%
Film2009Harry Potter and the Half-Blood Prince
100%
Film2024The Ministry of Ungentlemanly Warfare
100%
Film2008Bigga Than Ben
50%
TV Show2019Cleaning Up
50%
Commercial2017ERDEM / H&M
50%
Film2022First Love
50%
Film2012Private Peaceful
50%
Web Mini-Series2018Safe
50%
Film2022The Loneliest Boy in the World
50%
Film2020The Silencing
50%
Film2022The Woman King
50%
FilmTBACome As You Are
0%
FilmTBAFackham Hall
0%
FilmTBAMr Smith
0%
FilmTBAThe Climb
0%
FilmTBAThe Man in the Box
0%
TV Show2018The Tunnel
0%

Score Distribution

Percentile by Number Answered

Percent of People with Each Score

Your Score History

You have not taken this quiz since the last reset